Система планово-предупредительного обеспечения рабочих мест инструментом и приспособлениями; Прогрессивные технологии и экономика в машиностроении; Т. 1

Dettagli Bibliografici
Parent link:Прогрессивные технологии и экономика в машиностроении: труды II Всероссийской научно-практической конференции, 29-30 апреля 2004 года, Юрга/ Томский политехнический университет; Прогрессивные технологии и экономика в машиностроении; под ред. О. Ю. Ретюнского.— , 2004
Т. 1.— 2004.— С. 149-150
Autore principale: Петкау Э. П. Эдвальд Петрович
Altri autori: Журавлёв В. А. Василий Александрович, Ефременков А. Б. Андрей Борисович
Lingua:russo
Pubblicazione: 2004
Soggetti:
Natura: MixedMaterials Capitolo di libro
KOHA link:https://koha.lib.tpu.ru/cgi-bin/koha/opac-detail.pl?biblionumber=215561

MARC

LEADER 00000naa2a2200000 4500
001 215561
005 20260119141508.0
035 |a (RuTPU)RU\TPU\book\235489 
090 |a 215561 
100 |a 20120514d2004 k y0rusy50 ca 
101 0 |a rus 
102 |a RU 
200 1 |a Система планово-предупредительного обеспечения рабочих мест инструментом и приспособлениями  |f Э. П. Петкау, В. А. Журавлёв, А. Б. Ефременков 
320 |a Библиогр.: 2 назв. 
461 1 |0 (RuTPU)RU\TPU\book\119005  |t Прогрессивные технологии и экономика в машиностроении  |o труды II Всероссийской научно-практической конференции, 29-30 апреля 2004 года, Юрга  |f Томский политехнический университет; Прогрессивные технологии и экономика в машиностроении; под ред. О. Ю. Ретюнского  |d 2004 
463 1 |0 (RuTPU)RU\TPU\book\118383  |t Т. 1  |v С. 149-150  |d 2004 
610 1 |a рабочие места 
610 1 |a инструменты 
610 1 |a планово-предупредительное обслуживание 
610 1 |a труды учёных ТПУ 
700 1 |a Петкау  |b Э. П.  |c российский учёный в области технологии машиностроения  |c доцент Юргинского технологического института (филиал) Томского политехнического университета  |f 1936-  |g Эдвальд Петрович  |3 (RuTPU)RU\TPU\pers\24248 
701 1 |a Журавлёв  |b В. А.  |c российский учёный в области естественнонаучного образования  |c старший преподаватель Юргинского технологического института (филиал) Томского политехнического университета  |g Василий Александрович  |3 (RuTPU)RU\TPU\pers\24292 
701 1 |a Ефременков  |b А. Б.  |c специалист в области машиностроения, организации высшего профессионального образования  |c директор Юргинского технологического института (филиала) Томского политехнического университета  |f 1973-  |g Андрей Борисович  |3 (RuTPU)RU\TPU\pers\24289 
801 1 |a RU  |b 63413507  |c 20120514 
801 2 |a RU  |b 63413507  |c 20140313  |g RCR 
942 |c BK